| 000 | 00709cam a22002417a 4500 | ||
|---|---|---|---|
| 999 |
_c2282 _d2282 |
||
| 001 | 12362 | ||
| 003 | BD-DhUAP | ||
| 005 | 20200222160141.0 | ||
| 008 | 200222s2005 enka bf 001 0 eng | ||
| 020 | _a1856694488 | ||
| 020 | _a1856694518 | ||
| 040 |
_aUKM _cUKM _dOHX _dAZS _dSYB _dOCLCQ _dBAKER _dBD-DhUAP _bEng |
||
| 082 | 0 | 4 |
_a709 HON _223 |
| 100 | _aHonour, Hugh. | ||
| 245 | 0 | 0 |
_aA world history of art / _cHugh Honour and John Fleming. |
| 250 | _a7th ed. | ||
| 260 |
_aLondon : _bLaurece King Publishing, _cc2005. |
||
| 300 |
_axii, 936 pages : _billustrations ; _c31 cm. |
||
| 504 | _aIncludes bibliographical references and indexes. | ||
| 650 | _aArt. | ||
| 700 | _aFleming, John. | ||
| 942 |
_2ddc _cBK |
||